000 01331agaaa2200301 4500
001 0549
003 IT-RoPAU
005 20220918181257.0
007 d cvaizq
008 50131s9999||||xx ||| | || ||und||
040 _aIT-RoPAU
_cIT-RoPAU
041 _aITALIANO
100 _aDe Andreis Luca
_gCodice regista SPICS: 27798
_951672
130 _aQUOTIDIANO IN CLASSE (IL)-3-DALLA NOTIZIA AL FATTO
_951673
245 _aQUOTIDIANO IN CLASSE (IL)-3-DALLA NOTIZIA AL FATTO
_cDiretto da: De Andreis Luca
_pQUOTIDIANO IN CLASSE (IL)-3-DALLA NOTIZIA AL FATTO (Rif. Codice opera principale : V0549)
250 _aEdizione Standard
260 _aROMA (ITALIA)
_bSAMPAOLO FILM AUDIOVISIVI / Distribuzione: SPF FIRENZE
_g"1980 (1° ed.: 1993 ; Ed. Lingua Orig.: 1980)"
300 _a16MM
_bsonoro, col.
_c24 minuti
508 _aSoggetto: Spinelli Anna Rita -- Tesorio Giuseppe
520 _aPER ARGOMENTI VEDERE VIDEOCASSETTA: 9962/79225.
538 _aMONO
546 _aITALIANO
650 _aDIDATTICO
_ePELLICOLE [16MM]
_xCodice MATERIA SPICS: 9956
_937993
700 _aDe Andreis Luca
_e(regista)
_gCodice regista SPICS: 27798
_951674
700 _aSpinelli Anna Rita
_e(soggetto)
_gCodice Soggetto SPICS: 25379
_951675
700 _aTesorio Giuseppe
_e(soggetto)
_gCodice Soggetto 2° SPICS: 22432
_951676
942 _cMM
_2ddc
999 _c107330
_d107330